Geschichte der Römischen Literatur (Record no. 139452)

MARC details
000 -LEADER
campo de control de longitud fija 00790nam a2200193 4500
001 - NÚMERO DE CONTROL
campo de control 139452
003 - IDENTIFICADOR DE NÚMERO DE CONTROL
campo de control ES-MaACL
005 - FECHA Y HORA DE LA ÚLTIMA TRANSACCIÓN
campo de control 20260201175158.0
007 - CAMPO FIJO DE DESCRIPCIÓN FÍSICA--INFORMACIÓN GENERAL
campo de control de longitud fija t|
008 - DATOS DE LONGITUD FIJA--INFORMACIÓN GENERAL
campo de control de longitud fija 070214m19071914gw r ||||1| ger d
100 1# - ENTRADA PRINCIPAL--NOMBRE DE PERSONA
Nombre de persona Schanz, Martin.
9 (RLIN) 104230
245 10 - MENCIÓN DEL TÍTULO
Título Geschichte der Römischen Literatur
Resto del título : bis zum Gesetzgebungswerk des Kaisers Justinian /
Mención de responsabilidad, etc. von Martin Schanz.
260 ## - PUBLICACIÓN, DISTRIBUCIÓN, ETC.
Lugar de publicación, distribución, etc. München :
Nombre del editor, distribuidor, etc. [s. n.],
Fecha de publicación, distribución, etc. 1907-1914 (
Lugar de fabricación/manufactura Nördlingen :
Fabricante C.H. Beck'sche Verlagsbuchhandlung)
300 ## - DESCRIPCIÓN FÍSICA
Extensión 4 t. en 6 v. ;
Dimensiones 25 cm.
490 1# - MENCIÓN DE SERIE
Mención de serie Handbuch der klassischen Altertums-Wissenschaftin systematischer Darstellung ;
Designación de volumen o secuencia 8
830 0# - PUNTO DE ACCESO ADICIONAL DE SERIE-TÍTULO UNIFORME
Título uniforme Handbuch der klassischen Altertums-Wissenschaft in systematischer Darstellung
Designación de volumen o secuencia 8
9 (RLIN) 218672
852 ## - LOCALIZACIÓN
Ubicación ES-MaACL
Número de control de estantería F-15203-208
Holdings
Estatus retirado Estado de pérdida Estado de daño No para préstamo Biblioteca de origen Biblioteca actual Ubicación en estantería Fecha de adquisición Fuente de adquisición Total de préstamos Signatura topográfica completa Código de barras Visto por última vez Precio de reemplazo Tipo de ítem Koha
        Biblioteca del Ateneo de Madrid Biblioteca del Ateneo de Madrid Sala Pecera Planta 2 17/01/2008     F-15203-208 1145122 23/02/2023 23/02/2023 Libro impreso